[Event "Bad Soden op U18"]
[Site "Bad Soden"]
[Date "2019.10.06"]
[Round "9"]
[White "Roden, Philipp"]
[Black "Koch, Laura"]
[Result "0-1"]
[WhiteElo "1295"]
[BlackElo "1020"]
[PlyCount "58"]
[EventDate "2019.10.03"]
[EventType "swiss"]
[EventRounds "9"]
[EventCountry "GER"]
[SourceTitle "EXT 2020"]
[Source "ChessBase"]
[SourceDate "2019.10.17"]
[SourceVersion "1"]
[SourceVersionDate "2019.10.17"]
[SourceQuality "1"]

1. d4 d5 2. c4 dxc4 3. Nf3 Nf6 4. Nc3 Bg4 5. e3 e6 6. Bxc4 Bb4 7. a3 Bxc3+ 8. bxc3 c5 9. 0-0 cxd4 10. cxd4 0-0 11. h3 Bh5 12. Be2 Ne4 13. Nd2 Nc3 14. Qc2 Nxe2+ 15. Kh1 Qf6 16. Bb2 Qf5 17. Qc4 Nd7 18. g4 Bxg4 19. hxg4 Qxg4 20. Qc7 e5 21. Kh2 Rac8 22. Qxb7 Rc2 23. Nf3 Ng3 24. Rg1 Rxf2+ 25. Rg2 Rxf3 26. Kg1 Ne2+ 27. Kh1 Qh3+ 28. Rh2 Rf1+ 29. Rxf1 Qxf1# 0-1

[Event "Bad Soden op U18"]
[Site "Bad Soden"]
[Date "2019.10.03"]
[Round "1"]
[White "Hoffmann, Jens"]
[Black "Roden, Philipp"]
[Result "1-0"]
[WhiteElo "2113"]
[BlackElo "1295"]
[PlyCount "47"]
[EventDate "2019.10.03"]
[EventType "swiss"]
[EventRounds "9"]
[EventCountry "GER"]
[SourceTitle "EXT 2020"]
[Source "ChessBase"]
[SourceDate "2019.10.17"]
[SourceVersion "1"]
[SourceVersionDate "2019.10.17"]
[SourceQuality "1"]

1. e4 c5 2. Nf3 Nc6 3. d4 cxd4 4. Nxd4 g6 5. c4 Bg7 6. Be3 Nf6 7. Nc3 0-0 8. Be2 b6 9. 0-0 e6 10. Qd2 Bb7 11. Ndb5 Qe7 12. Nd6 Ne8 13. Ncb5 a6 14. Nxe8 axb5 15. Nxg7 bxc4 16. Bh6 Rfc8 17. Rfd1 Ne5 18. f4 Nd3 19. Bxd3 cxd3 20. Qxd3 Qc5+ 21. Qd4 Bxe4 22. Qxc5 Rxc5 23. Rac1 Rh5 24. Nxh5 1-0

[Event "SVR-op"]
[Site "Heimbach Weis"]
[Date "2017.04.14"]
[Round "6"]
[White "Hesch, Lukas"]
[Black "Roden, Philipp"]
[Result "1-0"]
[WhiteElo "1065"]
[BlackElo "1063"]
[PlyCount "75"]
[EventDate "2017.04.08"]
[EventType "swiss"]
[EventRounds "7"]
[EventCountry "GER"]
[SourceTitle "EXT 2020"]
[Source "ChessBase"]
[SourceDate "2019.10.17"]
[SourceVersion "1"]
[SourceVersionDate "2019.10.17"]
[SourceQuality "1"]

1. e4 c5 2. Nf3 g6 3. d4 b6 4. Bc4 Bb7 5. Nc3 Bg7 6. Be3 d6 7. Qd2 Nf6 8. d5 0-0 9. 0-0 Nbd7 10. Rad1 Re8 11. Rfe1 Qc7 12. Bh6 e6 13. Bxg7 Kxg7 14. dxe6 fxe6 15. Qxd6 Qxd6 16. Rxd6 Re7 17. Rxe6 Rae8 18. Rxe7+ Rxe7 19. Bd5 Bxd5 20. Nxd5 Rxe4 21. Rxe4 Nxe4 22. Kf1 Ndf6 23. Nxf6 Nxf6 24. Ke2 Nd5 25. Kd2 Kf6 26. g3 a5 27. c4 Ne7 28. Kd3 Kf5 29. h3 h5 30. Nh2 Kg5 31. Ke4 Nf5 32. f4+ Kf6 33. g4 hxg4 34. hxg4 Nd6+ 35. Kd5 Nc8 36. Kc6 Ke6 37. Kc7 Nd6 38. b3 1-0

[Event "SVR-op"]
[Site "Heimbach Weis"]
[Date "2017.04.13"]
[Round "5"]
[White "Busch, Dorothee"]
[Black "Roden, Philipp"]
[Result "1-0"]
[WhiteElo "1315"]
[BlackElo "1063"]
[PlyCount "65"]
[EventDate "2017.04.08"]
[EventType "swiss"]
[EventRounds "7"]
[EventCountry "GER"]
[SourceTitle "EXT 2020"]
[Source "ChessBase"]
[SourceDate "2019.10.17"]
[SourceVersion "1"]
[SourceVersionDate "2019.10.17"]
[SourceQuality "1"]

1. d4 d5 2. c4 e6 3. Nf3 Nf6 4. e3 Nc6 5. Nc3 b6 6. Be2 Bb7 7. 0-0 Be7 8. Re1 0-0 9. a3 a5 10. Bd3 Qd7 11. Qc2 g6 12. e4 Nxe4 13. Bh6 Rfe8 14. Nxe4 dxe4 15. Bxe4 Nxd4 16. Nxd4 Rad8 17. Rad1 Bxe4 18. Qxe4 c5 19. Qe5 f6 20. Qxe6+ Qxe6 21. Nxe6 Rd6 22. Nf4 Rxd1 23. Rxd1 g5 24. Nd5 Bd8 25. f4 Kf7 26. fxg5 fxg5 27. h4 gxh4 28. Rf1+ Kg6 29. Bc1 Re4 30. b3 Rg4 31. Kh2 Rg3 32. Nf4+ Kg7 33. Ne6+ 1-0